| 000 | 00831cab a22001935a 4500 | ||
|---|---|---|---|
| 001 | L137669 | ||
| 008 | 070424e2007 xxk 000 0 eng d | ||
| 035 | _a(Sirsi) u137669 | ||
| 041 | 0 | _aeng | |
| 100 | 1 | _aMcCormick, Helen | |
| 245 | 0 | 0 | _aBovis wastes no time getting back on top |
| 260 | _c2007 | ||
| 490 | 0 |
_aContract Journal _v436(6621) 18 April 2007, 10-11(2) |
|
| 520 | _aBovis Lend Lease topped the new work winners monthly league table for March 2007, with Rok in second place and Morgan Sindall in third. Balfour Beatty remained at the top of the new work winners table for the past 12 months. March 2007 was a busy month in the housing sector, with several new entrants to the top 50 and sector tables. | ||
| 590 | _aKA | ||
| 651 | 4 | _aGREAT BRITAIN | |
| 690 | _aBUILT ENVIRONMENT-CONSTRUCTION MARKET | ||
| 942 | _n0 | ||
| 999 |
_c78685 _d78685 |
||